| 000 | 00633nam a22001937a 4500 | ||
|---|---|---|---|
| 005 | 20180828144439.0 | ||
| 010 | _aENG-123861 | ||
| 020 |
_a9788172210526 _c360.00 |
||
| 035 | _aEN-107393 | ||
| 037 | _bDBAD/PUB. | ||
| 082 | _a320.550954 | ||
| 100 | _aGatade, Subhash | ||
| 245 |
_aGodse's children : _cby Subhash Gatade _bhindutva terror in india / |
||
| 260 |
_aNew Delhi _bPharos Media & Publishing Pvt. Ltd. _c2011 |
||
| 270 |
_aD-84, Abul Fazl Enclave - I, Jamia Nagar, _bNew Delhi _e110025 |
||
| 300 | v |
_a400p. _c22cm(pbk.) |
|
| 500 | _aIt includes appendix and index | ||
| 942 |
_2ddc _cEN _mGAT _h320.550954 |
||
| 999 |
_c156294 _d156294 |
||